|
|
|
|
| LEADER |
00000cam a22000004a 4500 |
| 001 |
musev2_38608 |
| 003 |
MdBmJHUP |
| 005 |
20230905044045.0 |
| 006 |
m o d |
| 007 |
cr||||||||nn|n |
| 008 |
150928s1975 nyu o 00 0 eng d |
| 010 |
|
|
|z 74024747
|
| 020 |
|
|
|a 9781610446433
|
| 020 |
|
|
|z 9780871543752
|
| 035 |
|
|
|a (OCoLC)922324328
|
| 040 |
|
|
|a MdBmJHUP
|c MdBmJHUP
|
| 100 |
1 |
|
|a Hauser, Philip M.,
|d 1909-1994,
|e author.
|
| 245 |
1 |
0 |
|a Social Statistics in Use /
|c Philip M. Hauser.
|
| 264 |
|
1 |
|a New York :
|b Russell Sage Foundation,
|c [1975]
|
| 264 |
|
3 |
|a Baltimore, Md. :
|b Project MUSE,
|c 2016
|
| 264 |
|
4 |
|c ©[1975]
|
| 300 |
|
|
|a 1 online resource (397 pages).
|
| 336 |
|
|
|a text
|b txt
|2 rdacontent
|
| 337 |
|
|
|a computer
|b c
|2 rdamedia
|
| 338 |
|
|
|a online resource
|b cr
|2 rdacarrier
|
| 505 |
0 |
|
|a Foreword ; Preface ; Chapter 1. Why Statistics? ; Chapter 2. On Population ; Chapter 3. On Births, Deaths, and Health ; Chapter 4. On Marriage, Divorce, and the Family ; Chapter 5. On Education ; Chapter 6. On the Labor Force ; Chapter 7. On Social Security and Welfare ; Chapter 8. On Delinquency and Crime ; Chapter 9. On Consumption and the Consumer ; Chapter 10. On Housing and Construction ; Chapter 11. On Metropolitan Transport and Land Use ; Chapter 12. On Outdoor Recreation ; Chapter 13. On Governments ; Chapter 14. On Elections ; Chapter 15. On Public Opinion Polls.
|
| 588 |
|
|
|a Description based on print version record.
|
| 650 |
|
7 |
|a Statistics.
|2 fast
|0 (OCoLC)fst01132103
|
| 650 |
|
7 |
|a REFERENCE / Questions & Answers
|2 bisacsh
|
| 650 |
|
7 |
|a statistics.
|2 aat
|
| 650 |
|
6 |
|a Statistique.
|
| 650 |
|
0 |
|a Statistics.
|
| 655 |
|
7 |
|a Electronic books.
|2 local
|
| 710 |
2 |
|
|a Project Muse.
|e distributor
|
| 830 |
|
0 |
|a Book collections on Project MUSE.
|
| 856 |
4 |
0 |
|z Texto completo
|u https://projectmuse.uam.elogim.com/book/38608/
|
| 945 |
|
|
|a Project MUSE - Custom Collection
|
| 945 |
|
|
|a Project MUSE - Archive Complete Supplement IV
|
| 945 |
|
|
|a Project MUSE - Archive Political Science and Policy Studies Supplement IV
|